| 000 | 00375cam a2200169ua 4500 | ||
|---|---|---|---|
| 001 | 11263 | ||
| 008 | 060101n2006 II |||gr||||Z||||||eng | ||
| 040 | _aMAIN | ||
| 041 | _aEnglish | ||
| 082 | _a516 AUD | ||
| 100 | _aAUDIN, MICHELE. | ||
| 245 | _aGEOMETRY | ||
| 260 |
_aNEW DELHI _bSPRINGER PVT. LTD. _c2006 |
||
| 300 |
_a357.: _c22CM. |
||
| 653 | _aGeometry | ||
| 942 | _cBK | ||
| 999 |
_c11230 _d11230 |
||